Capitalism with Chinese characteristics : (Record no. 554472)
[ view plain ]
| 000 -LEADER | |
|---|---|
| fixed length control field | 00921cam a22002174a 4500 |
| 020 ## - INTERNATIONAL STANDARD BOOK NUMBER | |
| International Standard Book Number | 9780521898102 (hbk.) |
| 082 00 - DEWEY DECIMAL CLASSIFICATION NUMBER | |
| Classification number | 330.12/20951 |
| 100 1# - MAIN ENTRY--PERSONAL NAME | |
| Personal name | Huang, Yasheng. |
| 245 10 - TITLE STATEMENT | |
| Title | Capitalism with Chinese characteristics : |
| Remainder of title | entrepreneurship and the state / |
| Statement of responsibility, etc. | Yasheng Huang. |
| 260 ## - PUBLICATION, DISTRIBUTION, ETC. | |
| Place of publication, distribution, etc. | Cambridge ; |
| -- | New York : |
| Name of publisher, distributor, etc. | Cambridge University Press, |
| Date of publication, distribution, etc. | c2008. |
| 300 ## - PHYSICAL DESCRIPTION | |
| Extent | xviii, 348 p. ; |
| Dimensions | 24 cm. |
| 504 ## - BIBLIOGRAPHY, ETC. NOTE | |
| Bibliography, etc. note | Includes bibliographical references (p. 321-338) and index. |
| 650 #0 - SUBJECT ADDED ENTRY--TOPICAL TERM | |
| Topical term or geographic name entry element | Capitalism |
| 650 #0 - SUBJECT ADDED ENTRY--TOPICAL TERM | |
| Topical term or geographic name entry element | Rural industries |
| 650 #0 - SUBJECT ADDED ENTRY--TOPICAL TERM | |
| Topical term or geographic name entry element | Entrepreneurship |
| 942 ## - ADDED ENTRY ELEMENTS (KOHA) | |
| Source of classification or shelving scheme | |
| Koha item type | Book |
| 650 #0 - SUBJECT ADDED ENTRY--TOPICAL TERM | |
| -- | 51981 |
| 650 #0 - SUBJECT ADDED ENTRY--TOPICAL TERM | |
| -- | 51982 |
| 650 #0 - SUBJECT ADDED ENTRY--TOPICAL TERM | |
| -- | 51983 |
| Withdrawn status | Lost status | Source of classification or shelving scheme | Damaged status | Not for loan | Permanent Location | Current Location | Shelving location | Date acquired | Source of acquisition | Total Checkouts | Full call number | Barcode | Date last seen | Date last checked out | Price effective from | Koha item type |
|---|---|---|---|---|---|---|---|---|---|---|---|---|---|---|---|---|
| Central Library (CL) | Central Library (CL) | Chinese Studies | 03/29/2021 | Allied Book Company | 1 | 330.12/20951 HUA | CL-506 | 02/17/2022 | 12/04/2021 | 03/29/2021 | Book |
